Development of technical assistance program : Background infomation and ducuments committee on technical assistance programs
Guardat en:
| Format: | Llibre |
|---|---|
| Idioma: | Undetermined |
| Publicat: |
Alexander Wiley
Committee on foreign relations
1954
|
| Matèries: | |
| Etiquetes: |
Afegir etiqueta
Sense etiquetes, Sigues el primer a etiquetar aquest registre!
|
| Thư viện lưu trữ: | Trung tâm Học liệu Trường Đại học Cần Thơ |
|---|
| LEADER | 00559nam a2200169Ia 4500 | ||
|---|---|---|---|
| 001 | CTU_105048 | ||
| 008 | 210402s9999 xx 000 0 und d | ||
| 082 | |a 337.1 | ||
| 082 | |b D489 | ||
| 245 | 0 | |a Development of technical assistance program : | |
| 245 | 0 | |b Background infomation and ducuments committee on technical assistance programs | |
| 260 | |a Alexander Wiley | ||
| 260 | |b Committee on foreign relations | ||
| 260 | |c 1954 | ||
| 650 | |a International economic relations | ||
| 904 | |i Hiếu | ||
| 980 | |a Trung tâm Học liệu Trường Đại học Cần Thơ | ||